<?xml version="1.0" encoding="UTF-8"?>
<record
    xmlns:xsi="http://www.w3.org/2001/XMLSchema-instance"
    xsi:schemaLocation="http://www.loc.gov/MARC21/slim http://www.loc.gov/standards/marcxml/schema/MARC21slim.xsd"
    xmlns="http://www.loc.gov/MARC21/slim">

  <leader>01669nam a2200289 a 4500</leader>
  <controlfield tag="005">20240423092114.0</controlfield>
  <controlfield tag="008">100319t2006||||ag a|||f |||| 001 0 spa d</controlfield>
  <datafield tag="020" ind1=" " ind2=" ">
    <subfield code="a">9789879322390</subfield>
  </datafield>
  <datafield tag="041" ind1=" " ind2=" ">
    <subfield code="a">spa</subfield>
  </datafield>
  <datafield tag="092" ind1=" " ind2=" ">
    <subfield code="c">618.9</subfield>
    <subfield code="l">15</subfield>
    <subfield code="s">DEP</subfield>
  </datafield>
  <datafield tag="100" ind1="1" ind2=" ">
    <subfield code="a">De Plaen, Sylvaine</subfield>
    <subfield code="e">Dir.</subfield>
    <subfield code="9">3551</subfield>
  </datafield>
  <datafield tag="245" ind1=" " ind2="3">
    <subfield code="a">La atenci&#xF3;n de los ni&#xF1;os y el pluralismo cultural /</subfield>
    <subfield code="c">Sylvaine De Plaen</subfield>
  </datafield>
  <datafield tag="250" ind1=" " ind2=" ">
    <subfield code="a">1a ed.</subfield>
    <subfield code="b">Traducci&#xF3;n Dra. Catalina Mart&#xED;n Allio</subfield>
  </datafield>
  <datafield tag="260" ind1=" " ind2=" ">
    <subfield code="a">Buenos Aires: </subfield>
    <subfield code="b">Ediciones del Hospital Sainte-Justine;</subfield>
    <subfield code="c">2006.</subfield>
  </datafield>
  <datafield tag="300" ind1=" " ind2=" ">
    <subfield code="a">131 p.</subfield>
  </datafield>
  <datafield tag="500" ind1=" " ind2=" ">
    <subfield code="a">De Plaen, S. (Dir.). (2006). La atenci&#xF3;n de los ni&#xF1;os y el pluralismo cultural. (1a ed.). Buenos Aires : Ediciones del Hospital Sainte-Justine.</subfield>
  </datafield>
  <datafield tag="590" ind1=" " ind2=" ">
    <subfield code="a">Donaci&#xF3;n Dr. Julio Arce, Marzo 2018.</subfield>
  </datafield>
  <datafield tag="653" ind1=" " ind2=" ">
    <subfield code="a">Hac&#xED;a una nueva pediatr&#xED;a intercultural. </subfield>
  </datafield>
  <datafield tag="653" ind1=" " ind2=" ">
    <subfield code="a">Surgimiento de una pediatr&#xED;a intercultural en el Hospital Sainte-Justine: Pensar la pluralidad social y cultural de las familias.</subfield>
  </datafield>
  <datafield tag="653" ind1=" " ind2="3">
    <subfield code="a">La cultura en la pr&#xE1;ctica psiqu&#xED;atrica: Reflexiones a partir de situaciones cl&#xED;nicas.</subfield>
  </datafield>
  <datafield tag="653" ind1=" " ind2="3">
    <subfield code="a">La salud de los pueblos originarios: comprender mejor e intervenir de otro modo.</subfield>
  </datafield>
  <datafield tag="653" ind1=" " ind2="3">
    <subfield code="a">El acto alimentario y su relaci&#xF3;n con el cuerpo, reveladores de las dimensiones sociopol&#xED;ticas de la diabetes en los pueblos originarios.</subfield>
  </datafield>
  <datafield tag="653" ind1=" " ind2="3">
    <subfield code="a">Un paso hacia la atenci&#xF3;n mas adecuada: la experiencia de la Cl&#xED;nica de pediatr&#xED;a transcultural del Hospital Maisonneuve-Rosemont.</subfield>
  </datafield>
  <datafield tag="653" ind1=" " ind2=" ">
    <subfield code="a">Apuestas y desafios de una practica pedi&#xE1;trica en contexto pluralista: reflexiones te&#xF3;ricas.</subfield>
  </datafield>
  <datafield tag="653" ind1=" " ind2="4">
    <subfield code="a">Una antropologia del ni&#xF1;o: Marco para una pediatr&#xED;a intercultural. </subfield>
  </datafield>
  <datafield tag="942" ind1=" " ind2=" ">
    <subfield code="2">ddc</subfield>
    <subfield code="c">BK</subfield>
  </datafield>
  <datafield tag="999" ind1=" " ind2=" ">
    <subfield code="c">2694</subfield>
    <subfield code="d">2694</subfield>
  </datafield>
  <datafield tag="952" ind1=" " ind2=" ">
    <subfield code="0">0</subfield>
    <subfield code="1">0</subfield>
    <subfield code="2">ddc</subfield>
    <subfield code="4">0</subfield>
    <subfield code="7">0</subfield>
    <subfield code="a">BFM</subfield>
    <subfield code="b">BFM</subfield>
    <subfield code="c">CR</subfield>
    <subfield code="d">2018-03-07</subfield>
    <subfield code="e">Donaci&#xF3;n Dr, Julio Arce, Marzo 2018.</subfield>
    <subfield code="l">0</subfield>
    <subfield code="o">618.9 15 DEP</subfield>
    <subfield code="p">4212</subfield>
    <subfield code="r">2018-03-07</subfield>
    <subfield code="t">Ej. 1</subfield>
    <subfield code="w">2018-03-07</subfield>
    <subfield code="y">BK</subfield>
    <subfield code="z">Donaci&#xF3;n Dr, Julio Arce, Marzo 2018.</subfield>
  </datafield>
</record>
